000 00724nam a2200253Ia 4500
003 OSt
005 20220926011518.0
006 a|||||r|||| 00| 0
007 ta
008 220923b |||||||| |||| 00| 0 eng d
020 _c
_2850
037 _b34001, 06/11/1987, IBD
_cGeneral Book
040 _aRTL
_cRTL
_beng
041 _2eng
_aeng
082 _aX:8K, M7
100 _aOliver E Eugone
_9314391
245 0 _aCost accounting
_b An practical approach
260 _aNew Jersey
_bPrentiec Hall
_c1987
300 _a303p.
_ccm.
500 _aAppendix P 323-42
650 _aCost Accounts
942 _hX:8K, M7
_cGB
_2CC
999 _c620290
_d620290